000 00568nam a22001937a 4500
005 20251108175940.0
008 250721s2009 xx 000 0 ara d
082 1 4 _aق/بيد
100 1 _aبن المقفع، الفيلسوف الهندي بيدبا
_eمترجم
245 1 0 _aكليلة و دمنة /
250 _aط.3
264 1 _aبيروت :
_bدار الجيل،
_c2009.
300 _a328ص.
650 1 7 _aالادب المترجم
650 1 7 _aالادب الهندي
650 1 7 _aالقصص القصيرة
942 _2ddc
_cBK
999 _c146226
_d146226